Statistiken für Credit Suisse Super League (Schweiz) Top 4

Klicken Sie hier um das Quiz zu spielen!

Allgemein

  • Dieses Quiz wurde 117 mal gespielt
  • Das Durchschnittsergebnis liegt bei 12 aus 28

Antwortstatistiken

Antwort% Korrekt
BSC Young Boys Bern
98%
FC Basel 1893
98%
FC Zürich
88%
FC St. Gallen
80%
Grasshopper Club Zürich
80%
Servette FC Genève
78%
FC Luzern
76%
FC Lugano
71%
FC Lausanne-Sport
69%
FC Sion
67%
FC Thun 1898
61%
FC Winterthur
53%
Neuchâtel Xamax FCS
48%
FC Aarau
45%
AC Bellinzona
26%
FC Biel-Bienne
25%
Étoile La-Chaux-de-Fonds
15%
FC La Chaux-de-Fonds
14%
FC Bern 1894
13%
FC Chiasso
11%
FC Neuchâtel
11%
BSC Old Boys Basel
10%
FC Grenchen
4%
FC Nordstern Basel
4%
FC Wettingen
4%
Urania Genève Sport
4%
FC Young Fellows Zürich
3%
FC Blue Stars Zürich
2%

Verteilung der Resultate

Perzentil nach korrekt beantworteten Fragen

Anzahl Personen mit jedem Resultat

Ihre Resultats-Entwicklung

Sie haben dieses Quiz noch nicht gespielt